Central Library OPAC University of Rajshahi

ڈیٹر میں اونٹوں اور مویشیوں کا نظریہ =Theory of determinants and matrics / (Record no. 86464)

MARC details
000 -LEADER
fixed length control field 00593nam a2200193 4500
001 - CONTROL NUMBER
control field 86464
003 - CONTROL NUMBER IDENTIFIER
rucl marc code BD-RjUL
005 - DATE AND TIME OF LATEST TRANSACTION
control field 20260512125904.0
008 - FIXED-LENGTH DATA ELEMENTS--GENERAL INFORMATION
fixed length control field 260512s1969 pk ||||| |||| 00| 0 urd d
035 ## - SYSTEM CONTROL NUMBER
System control number (BD-RjUL)
040 ## - CATALOGING SOURCE
Original cataloging agency BD-RjUL
Language of cataloging eng
Transcribing agency BD-RjUL
041 ## - LANGUAGE CODE
Language code of text/sound track or separate title urd
082 ## - DEWEY DECIMAL CLASSIFICATION NUMBER
Edition number 23
Classification number 512.8
100 ## - MAIN ENTRY--PERSONAL NAME
Personal name یوسف، محمد ;;
9 (RLIN) 18446
245 ## - TITLE STATEMENT
Title ڈیٹر میں اونٹوں اور مویشیوں کا نظریہ =Theory of determinants and matrics /
Statement of responsibility, etc. محمد یوسف ;; Muhammad Yousuf
264 ## - PRODUCTION, PUBLICATION, DISTRIBUTION, MANUFACTURE, AND COPYRIGHT NOTICE
Place of production, publication, distribution, manufacture Lahore :
Name of producer, publisher, distributor, manufacturer markaj Urdu,
Date of production, publication, distribution, manufacture, or copyright notice 1969
300 ## - PHYSICAL DESCRIPTION
Pagination 437 ;
Size 17 cm
942 ## - ADDED ENTRY ELEMENTS (KOHA)
Source of classification or shelving scheme Dewey Decimal Classification
Koha item type Books
Holdings
Lost status Source of classification or shelving scheme Damaged status Not for loan Collection code Permanent Location Current Location Shelving location Date acquired Source of acquisition Total Checkouts Full call number Date last seen Copy number Koha item type
  Dewey Decimal Classification   Not For Loan Non-fiction Central Library, University of Rajshahi Central Library, University of Rajshahi Reading Room 21/10/1969 Sh. Mubarak Ali   U 512.8 YOD 1969 12/05/2026 C-1 Books